000 00663nam a2200217 a 4500
001 79911
003 BD-RjUL
005 20220605152438.0
008 220605s2022 ii ||||| |||| 00| 0 eng d
020 _a9788178798295
035 _a(BD-RjUL)79911
040 _aBD-RjUL
_beng
_cBD-RjUL
041 _aeng
082 _223
_a612.044
_bPHY 2022
245 _aPhysiology of exercise and kinesiology /
_cedited & compiled by Vinod Marotrao Bali.
260 _aNew Delhi :
_bSports Publication,
_c2022
300 _a296 pages :
_billustrations;
_c22 cm.
650 _aExercise
_xPhysiological aspects
_93412
700 _aBali, Vinod Marotrao
_93413
942 _2ddc
_cBK
999 _c79911
_d79911